| 000 | 01321nam0a22002531 4500 | ||
|---|---|---|---|
| 001 | rc\392504 | ||
| 005 | 20030616165432.9 | ||
| 035 | _a(NLR Aleph) 005642147 | ||
| 090 |
_a6680588 _c6680588 |
||
| 100 | _a20030616d1989 u |0rusy50 ca | ||
| 101 | 0 | _arus | |
| 102 | _aRU | ||
| 105 | _aa ||||||||| | ||
| 200 | 1 |
_aПрогрессивные технологические процессы, оснастка и инструмент в механосборочном производстве _eТемат. сб. науч. тр. _fНауч.-произв. об-ние технологии заготовит. пр-ва и спец. технол. оборуд. НПО "НИИНТмаш" _g[Отв. ред. И.К. Марченко] |
|
| 210 |
_aКраматорск _cНПО "НИИНТмаш" _d1989 |
||
| 215 |
_a175 с. _cил. _d22 |
||
| 320 | _aБиблиогр. в конце ст. | ||
| 702 | 1 |
_aМарченко _bИ. К. _gИван Константинович _4340 |
|
| 712 | 1 | 2 |
_aНаучно-производственное об-ние технологии заготовительного производства и специального технол. оборудования _cКраматорск |
| 801 | 0 |
_aRU _bNLR _gpsbo |
|
| 801 | 1 |
_aRU _bELAR _2rusmarc |
|
| 852 |
_aNLR _j89-3/11677 |
||
| 942 | _cBOOK | ||
| 980 | _aNB | ||